| 000 | 02863cam a2200373 a 4500 | ||
|---|---|---|---|
| 001 | 16511338 | ||
| 003 | GBCCL | ||
| 005 | 20251106144748.0 | ||
| 008 | 101021s2011 miu b 000 0 eng | ||
| 020 |
_a9780801013898 _qcloth |
||
| 020 |
_a0801013895 _qcloth |
||
| 035 | _a16511338 | ||
| 035 | _a(OCoLC)662401653 | ||
| 040 |
_aDLC _cDLC _dYDX _dBTCTA _dDTM _dYDXCP _dLNT _dBWX _dXPQ _dDLC |
||
| 082 | 0 | 0 |
_a266.001 _222 _bHOR 1 |
| 100 | 1 | _aHorton, Michael Scott. | |
| 245 | 1 | 4 |
_aThe gospel commission : _brecovering God's strategy for making disciples / _cMichael Horton. |
| 260 |
_aGrand Rapids, Mich. : _bBaker Books, _cc2011. |
||
| 300 |
_a316 p. ; _c23 cm. |
||
| 336 |
_atext _btxt _2rdacontent |
||
| 337 |
_aunmediated _bn _2rdamedia |
||
| 338 |
_avolume _bnc _2rdacarrier |
||
| 504 | _aIncludes bibliographical references. | ||
| 505 | 0 | _aPt. 1. The great announcement. Before you go -- Exodus and conquest : the gospel and the kingdom -- pt. 2. The mission statement. An urgent imperative : "go therefore . . ." -- One gospel and many cultures : contextualization -- The goal : "making disciples" -- pt. 3. The strategic plan. How to make disciples -- Disciples and discipline : "teaching them to observe all that I have commanded" -- The great commission and the great commandment : evangelism and social justice -- Mission creep : inventing our own strategic plan -- Until He comes : the great assurance. | |
| 520 | 8 | _a"Are we really fulfilling Jesus's final command? Many churches in America today want to be powerful, relevant, and influential in personal and social transformation. A plethora of programs for outreach, discipleship, and spiritual disciplines are available at any bookstore and on countless websites. Yet what we need most is a renewed understanding of and commitment to the Great Commission. We assume that we already know the nature of this commission and the appropriate methods of carrying it out. But Michael Horton contends that it too often becomes our mission instead of God's. At a time when churches are zealously engaged in creating mission statements and strategic plans, he argues that we must ask ourselves anew whether we are ambassadors, following the script we've been given, or building our own kingdoms with our own blueprint. Pastors and church leaders will value this frank and hopeful next-step exploration of the Great Commission as a call to renewed understanding and good practice" -- Publisher description. | |
| 650 | 0 | _aDiscipling (Christianity) | |
| 650 | 0 | _aEvangelistic work. | |
| 650 | 0 |
_aMissions _xTheory. |
|
| 650 | 0 | _aMission of the church. | |
| 906 |
_a7 _bcbc _corignew _d1 _eecip _f20 _gy-gencatlg |
||
| 942 |
_2ddc _cBK _n0 |
||
| 999 |
_c10986 _d10986 |
||